Taylor Swift Songs Beginning With "A" - Statistics

General Stats
  • This quiz has been taken 164 times
    117 since last reset
  • The average score is 6 of 11
Answer Stats
Songs % Correct
All Too Well
80%
All Too Well (10 Minute Version)
80%
Afterglow
75%
All You Had To Do Was Stay
62%
Anti-Hero
54%
Anti-Hero (ft. Bleachers)
54%
The Archer
52%
All Of The Girls You Loved Before
50%
august
45%
The Albatross
40%
The Alchemy
39%
No matching quizzes found
Score Distribution
Percent of People with Each Score
Percentile by Number Answered
Your Score History
You have not taken this quiz since the last reset